[Event "EU-ch Amateur Online Final 1400/1700"]
[Site "Tornelo INT"]
[Date "2021.04.18"]
[Round "5"]
[White "Kroulik, Vaclav"]
[Black "Chatzinikolaou, Emmanouil"]
[Result "0-1"]
[WhiteElo "1545"]
[BlackElo "1407"]
[PlyCount "84"]
[EventDate "2021.04.18"]
[EventType "swiss (rapid)"]
[EventRounds "9"]
[EventCountry "NET"]
[SourceTitle "EXT 2023"]
[Source "ChessBase"]
[SourceDate "2022.10.05"]
[SourceVersion "1"]
[SourceVersionDate "2022.10.05"]
[SourceQuality "1"]

1. e4 c5 2. Nf3 Nc6 3. d4 cxd4 4. Nxd4 Qc7 5. Nb5 Qb8 6. g3 Qe5 7. N1c3 Qb8 8. Bf4 e5 9. Be3 a6 10. Na3 b5 11. Nd5 Qb7 12. c3 Bxa3 13. bxa3 Nge7 14. c4 Nxd5 15. exd5 Ne7 16. Bg2 d6 17. Rb1 Bd7 18. 0-0 Qc7 19. cxb5 Bxb5 20. Re1 0-0 21. Qg4 f5 22. Qb4 Rab8 23. Qd2 Qd7 24. f4 e4 25. Qd4 Rfc8 26. Bd2 Rc4 27. Qxc4 Bxc4 28. Rxb8+ Kf7 29. Reb1 Bb5 30. a4 Qa7+ 31. Kh1 Qxb8 32. axb5 axb5 33. a4 Qb7 34. Rxb5 Qa7 35. a5 Qd4 36. Be1 Qd1 37. Bf1 Qxe1 38. Kg1 Qe3+ 39. Kg2 Qd2+ 40. Kg1 e3 41. a6 Qf2+ 42. Kh1 Qxf1# 0-1

[Event "EU-ch Amateur Online 1400/1700"]
[Site "Tornelo INT"]
[Date "2021.04.17"]
[Round "6"]
[White "Chatzinikolaou, Emmanouil"]
[Black "Schroeder, Justin"]
[Result "1-0"]
[WhiteElo "1407"]
[BlackElo "1646"]
[PlyCount "85"]
[EventDate "2021.04.17"]
[EventType "swiss (rapid)"]
[EventRounds "8"]
[EventCountry "NET"]
[SourceTitle "EXT 2023"]
[Source "ChessBase"]
[SourceDate "2022.10.05"]
[SourceVersion "1"]
[SourceVersionDate "2022.10.05"]
[SourceQuality "1"]

1. d4 Nf6 2. c3 g6 3. Bf4 Bg7 4. e3 d6 5. Nf3 c6 6. h3 Na6 7. Nbd2 Nc7 8. Bd3 b5 9. e4 a5 10. a4 b4 11. 0-0 0-0 12. Re1 bxc3 13. bxc3 Be6 14. c4 d5 15. cxd5 cxd5 16. Rc1 Na6 17. e5 Nd7 18. Ng5 Qb6 19. Nxe6 Qxe6 20. Nf3 Nb4 21. Bb1 h6 22. Qd2 Kh7 23. Bg5 Nb6 24. Qf4 Nxa4 25. Qh4 Qd7 26. e6 fxe6 27. Ne5 Qe8 28. Nxg6 Kg8 29. Rxe6 Rf7 30. Bxh6 Bxh6 31. Qxh6 Rh7 32. Qg5 Rg7 33. Rc7 Nc6 34. Rcxc6 Rb8 35. Bf5 Qd7 36. Qg4 Nb2 37. Qg5 Nc4 38. Rxe7 Qxc6 39. Rxg7+ Kxg7 40. Ne5+ Kf8 41. Nxc6 Rb7 42. Be6 Nd6 43. Qg8# 1-0

[Event "EU-ch Amateur Online 1400/1700"]
[Site "Tornelo INT"]
[Date "2021.04.17"]
[Round "1"]
[White "Csontos, David"]
[Black "Chatzinikolaou, Emmanouil"]
[Result "0-1"]
[WhiteElo "1645"]
[BlackElo "1407"]
[PlyCount "90"]
[EventDate "2021.04.17"]
[EventType "swiss (rapid)"]
[EventRounds "8"]
[EventCountry "NET"]
[SourceTitle "EXT 2023"]
[Source "ChessBase"]
[SourceDate "2022.10.05"]
[SourceVersion "1"]
[SourceVersionDate "2022.10.05"]
[SourceQuality "1"]

1. e4 c5 2. Nf3 Nc6 3. d4 cxd4 4. Nxd4 Qc7 5. Nc3 e6 6. Ndb5 Qb8 7. g3 a6 8. Nd4 Qc7 9. Be3 Nf6 10. Be2 Bb4 11. f3 0-0 12. Qd2 b6 13. a3 Be7 14. g4 b5 15. h4 Ne5 16. h5 Bb7 17. g5 Ne8 18. g6 fxg6 19. hxg6 Nxg6 20. 0-0-0 Rc8 21. Rdg1 b4 22. axb4 Bxb4 23. Bh6 gxh6 24. Qxh6 Qf4+ 25. Qxf4 Rxf4 26. Nf5 exf5 27. exf5 Rxf5 28. Bd3 Rf6 29. Be4 Bxe4 30. Nxe4 Re6 31. Ng5 Re3 32. Nxh7 Kg7 33. Ng5 Nf6 34. f4 Re2 35. c3 Bc5 36. Rg3 Be3+ 37. Kd1 Rd2+ 38. Ke1 Bxf4 39. Rgg1 Re8+ 40. Kf1 Rd1+ 41. Kf2 Be3+ 42. Kf3 Bxg1 43. Kg2 Re2+ 44. Kf3 Re3+ 45. Kg2 Nf4# 0-1

[Event "EU-ch Amateur Online 1400/1700"]
[Site "Tornelo INT"]
[Date "2021.04.17"]
[Round "5"]
[White "Drozdz, Jakub"]
[Black "Chatzinikolaou, Emmanouil"]
[Result "0-1"]
[WhiteElo "1671"]
[BlackElo "1407"]
[PlyCount "50"]
[EventDate "2021.04.17"]
[EventType "swiss (rapid)"]
[EventRounds "8"]
[EventCountry "NET"]
[SourceTitle "EXT 2023"]
[Source "ChessBase"]
[SourceDate "2022.10.05"]
[SourceVersion "1"]
[SourceVersionDate "2022.10.05"]
[SourceQuality "1"]

1. e4 c5 2. Nf3 Nc6 3. d4 cxd4 4. Nxd4 Qc7 5. c4 e6 6. Nc3 a6 7. Be3 Nf6 8. Qd2 Bb4 9. f3 Ne5 10. b3 b6 11. a3 Be7 12. Be2 Bb7 13. 0-0 h5 14. Rfd1 Rc8 15. f4 Ng6 16. Bf3 Ng4 17. Bxg4 hxg4 18. Ndb5 axb5 19. Nxb5 Qc6 20. Na7 Qxe4 21. Nxc8 Bxc8 22. g3 Bb7 23. Qxd7+ Kf8 24. Qd2 Qh1+ 25. Kf2 Rxh2# 0-1

[Event "EU-ch Amateur Online 1400/1700"]
[Site "Tornelo INT"]
[Date "2021.04.17"]
[Round "3"]
[White "Snokowski, Marcin"]
[Black "Chatzinikolaou, Emmanouil"]
[Result "1-0"]
[WhiteElo "1653"]
[BlackElo "1407"]
[PlyCount "54"]
[EventDate "2021.04.17"]
[EventType "swiss (rapid)"]
[EventRounds "8"]
[EventCountry "NET"]
[SourceTitle "EXT 2023"]
[Source "ChessBase"]
[SourceDate "2022.10.05"]
[SourceVersion "1"]
[SourceVersionDate "2022.10.05"]
[SourceQuality "1"]

1. d3 Nf6 2. Nd2 c5 3. e4 d6 4. Ngf3 g6 5. g3 Bg7 6. Bg2 0-0 7. 0-0 b5 8. c3 Bb7 9. Qc2 Nc6 10. a3 a5 11. Re1 e5 12. Nf1 Bc8 13. h3 Rb8 14. Bg5 h6 15. Bd2 Ne8 16. Qc1 h5 17. Ne3 Ne7 18. Nc2 Nc6 19. Bg5 f6 20. Bd2 f5 21. Nh4 Kh7 22. exf5 Bxf5 23. Nxf5 Rxf5 24. Bxc6 Qc8 25. Bg2 Nf6 26. Ne3 Rg5 27. h4 Rxg3 1-0

[Event "GRE-ch Online Blitz op 1st"]
[Site "Tornelo INT"]
[Date "2021.02.07"]
[Round "12"]
[White "Gkizis, Konstantinos"]
[Black "Chatzinikolaou, Emmanouil"]
[Result "0-1"]
[WhiteElo "1030"]
[BlackElo "1407"]
[PlyCount "50"]
[EventDate "2021.02.07"]
[EventType "swiss (blitz)"]
[EventRounds "16"]
[EventCountry "GRE"]
[SourceTitle "EXT 2023"]
[Source "ChessBase"]
[SourceDate "2022.10.05"]
[SourceVersion "1"]
[SourceVersionDate "2022.10.05"]
[SourceQuality "1"]

1. e4 c5 2. Nf3 d6 3. Bc4 Nc6 4. d3 a6 5. Be3 e5 6. Ng5 Nh6 7. Nf3 Ng4 8. Qe2 Nxe3 9. Qxe3 h6 10. Nc3 b5 11. Bd5 Bd7 12. 0-0 Rc8 13. a4 b4 14. Ne2 a5 15. Nd2 Be7 16. Nc4 0-0 17. Ng3 Kh7 18. Qf3 f6 19. Nf5 Rb8 20. Qg3 g6 21. Nxe7 Qxe7 22. Ne3 Nd4 23. c3 Nc6 24. cxb4 Nxb4 25. b3 Nxd3 0-1

[Event "GRE-ch Online Blitz op 1st"]
[Site "Tornelo INT"]
[Date "2021.02.07"]
[Round "2"]
[White "Pavlidou, Ekaterini"]
[Black "Chatzinikolaou, Emmanouil"]
[Result "1-0"]
[WhiteElo "2147"]
[BlackElo "1407"]
[PlyCount "55"]
[EventDate "2021.02.07"]
[EventType "swiss (blitz)"]
[EventRounds "16"]
[EventCountry "GRE"]
[SourceTitle "EXT 2023"]
[Source "ChessBase"]
[SourceDate "2022.10.05"]
[SourceVersion "1"]
[SourceVersionDate "2022.10.05"]
[SourceQuality "1"]

1. d4 Nf6 2. c4 g6 3. Nc3 Bg7 4. e4 d6 5. Bd3 0-0 6. Nge2 e5 7. d5 Na6 8. h3 c6 9. Be3 Nc7 10. Qd2 Re8 11. Bc2 a5 12. dxc6 bxc6 13. Rd1 Bf8 14. Bb6 Be7 15. Na4 Ra6 16. c5 d5 17. Ng3 Be6 18. 0-0 Qc8 19. Rfe1 d4 20. Bb3 Bxb3 21. axb3 Nb5 22. Bxa5 Nd7 23. b4 Bd8 24. Bxd8 Rxd8 25. b3 Nf6 26. Qd3 Qb7 27. f4 Re8 28. f5 1-0

[Event "GRE-ch Online Rapid op 1st"]
[Site "Tornelo INT"]
[Date "2021.02.06"]
[Round "7"]
[White "Chatzinikolaou, Emmanouil"]
[Black "Tsakona, Maria"]
[Result "1-0"]
[WhiteElo "1591"]
[BlackElo "1357"]
[PlyCount "57"]
[EventDate "2021.02.06"]
[EventType "swiss (rapid)"]
[EventRounds "8"]
[EventCountry "GRE"]
[SourceTitle "EXT 2023"]
[Source "ChessBase"]
[SourceDate "2022.10.05"]
[SourceVersion "1"]
[SourceVersionDate "2022.10.05"]
[SourceQuality "1"]

1. d4 Nf6 2. Bf4 e6 3. e3 d5 4. Bd3 Bd6 5. Bg3 c5 6. c3 Qc7 7. Nf3 Nbd7 8. Bxd6 Qxd6 9. Nbd2 0-0 10. 0-0 e5 11. e4 exd4 12. cxd4 cxd4 13. Re1 Qb6 14. e5 Ne4 15. Bxe4 dxe4 16. Nxe4 Qxb2 17. Rb1 Qxa2 18. Qxd4 Nb6 19. Nd6 Qe6 20. h3 Qg6 21. Nh4 Qg5 22. Re3 Rd8 23. Rg3 Qe7 24. Rxg7+ Kxg7 25. e6+ Kg8 26. Nhf5 Qg5 27. exf7+ Kf8 28. Qh8+ Qg8 29. Qxg8# 1-0